| 000 | 01325nam0a22003251 4500 | ||
|---|---|---|---|
| 001 | v19\rc\2004299 | ||
| 005 | 20260607064312.0 | ||
| 035 | _a(NLR Aleph) 005079537 | ||
| 090 |
_a7181731 _c7181731 |
||
| 100 | _a20080811d1915 u y0rusy50 ca | ||
| 101 | 0 | _arus | |
| 102 | _aRU | ||
| 105 | _ay z ||||| | ||
| 200 | 1 |
_aКнига - как подарок детям _e(Какие кн. дарить юному поколению) _fС.Ф. Либрович |
|
| 210 |
_aСанкт-Петербург _aМосква _cТ-во М.О. Вольф _d[1915] _eСанкт-Петербург |
||
| 215 |
_a26 с. _d19 |
||
| 225 | 1 |
_aЗадушевное воспитание _iСобрание популярных очерков, лекций и статей по педагогическим вопросам/Под ред. Виктора Русакова _v13 |
|
| 700 | 1 |
_4070 _8rus _7ca _aЛибрович _bС. Ф. _f1855-1918 _gСигизмунд Феликсович _3RU\NLR\auth\7724303 _97354 |
|
| 801 | 0 |
_aRU _bNLR _gpsbo |
|
| 801 | 0 |
_aRU _bRuMoRGB _2psbo |
|
| 801 | 1 |
_aRU _bProSoft-M _2rusmarc |
|
| 852 |
_aNLR _bБ _jВ325/Л553 |
||
| 899 |
_aRuMoRGB _jT 83/403 |
||
| 899 |
_aRuMoRGB _jКл 44/101 |
||
| 899 |
_aRuMoRGB _jМК |
||
| 899 |
_aRuMoRGB _jЯ 69/1252 |
||
| 899 | _aБАН | ||
| 899 | _aГПИБ | ||
| 942 | _cBOOK | ||
| 980 | _aNB | ||